| 000 | 01638nac a22002531u 4500 | ||
|---|---|---|---|
| 010 | _a2004013844 | ||
| 020 | _a0471632651 (cloth : alk. paper) | ||
| 082 | 0 | 0 |
_a388.4068 _bV986 |
| 090 |
_c1586 _d1586 |
||
| 100 | _aVuchic, Vukan R. | ||
| 245 | 1 | 0 |
_aUrban transit : _boperations, planning and economics / _cVukan R. Vuchic. |
| 260 |
_aHoboken, N.J. : _bJ. Wiley & Sons, _cc2005. |
||
| 300 |
_axvi, 644 p. : _bill. ; _c24 cm. |
||
| 504 | _aIncludes bibliographical references and index. | ||
| 505 | 0 | _aTransit operations and service scheduling -- Capacity, speed, accelerated, and special operations -- Modeling and optimization in transit systems analysis -- Transit lines and networks -- Planning of rail transit station locations -- Transit agency operations, economics, and marketing -- Transit fares -- Financing of transit -- Transit ownership, regulation, and organization -- Transit systems planning -- Analysis, evaluation, and selection of transit modes -- Planning and selection of medium and high performance transit modes. | |
| 650 | 0 | _aUrban transportation. | |
| 650 | 0 | _aLocal transit. | |
| 650 | 0 |
_aTransportation _xPlanning. |
|
| 856 | 4 | 1 |
_3Table of contents only _uhttp://www.loc.gov/catdir/toc/ecip0418/2004013844.html |
| 856 | 4 | 1 |
_3Contributor biographical information _uhttp://www.loc.gov/catdir/enhancements/fy0616/2004013844-b.html |
| 856 | 4 | 1 |
_3Publisher description _uhttp://www.loc.gov/catdir/enhancements/fy0616/2004013844-d.html |
| 942 |
_cBB _k388.4068V986 |
||
| 999 |
_c1586 _d1586 |
||